书目信息 |
| 题名: |
学前心理学自学辅导
|
|
| 作者: | 陈帼眉 , 程学超 主编 | |
| 分册: | ||
| 出版信息: | 北京 北京师范大学出版社 2002 |
|
| 页数: | 173页 | |
| 开本: | 21cm | |
| 丛书名: | ||
| 单 册: | ||
| 中图分类: | G44 , B844 | |
| 科图分类: | ||
| 主题词: | 学前儿童--教育心理学--高等教育--自学参考资料 , 发展心理学 | |
| 电子资源: | ||
| ISBN: | 7-303-06142-8 | |
| 000 | 00988nam0 2200289 450 | |
| 001 | 1538580351 | |
| 005 | 20150126104321.26 | |
| 010 | @a7-303-06142-8@dCNY7.00 | |
| 100 | @a20020806d2002 em y0chiy0110 ea | |
| 101 | 0 | @achi |
| 102 | @aCN@b110000 | |
| 105 | @ay qz 000yy | |
| 200 | 1 | @a学前心理学自学辅导@9xue qian xin li xue zi xue fu dao@f陈帼眉,程学超主编 |
| 210 | @a北京@c北京师范大学出版社@d2002 | |
| 215 | @a173页@d21cm | |
| 300 | @a全国高等教育自学考试 | |
| 304 | @a全国高等教育自学考试指导委员会组编 | |
| 304 | @a封页责任者题:程学起 | |
| 330 | @a本书以《学前心理学自学考试大纲》为依据进行编写,主要内容由“学习要求和自学方法”、“教材各章基本内容和重点难点”两大部分组成。 | |
| 606 | 0 | @a学前儿童@x教育心理学@x高等教育@j自学参考资料 |
| 606 | 0 | @a发展心理学 |
| 690 | @aG44@v5 | |
| 690 | @aB844@v4 | |
| 701 | 0 | @a陈帼眉@9chen guo mei@c(女,@f1931~)@4主编 |
| 701 | 0 | @a程学超@9cheng xue chao@4主编 |
| 801 | 0 | @aCN@bTSSF@c20150126 |
| 905 | @aZUCC@dB844@eJY258 | |
| 学前心理学自学辅导/陈帼眉,程学超主编.-北京:北京师范大学出版社,2002 |
| 173页;21cm |
| 全国高等教育自学考试 |
| ISBN 7-303-06142-8:CNY7.00 |
| 本书以《学前心理学自学考试大纲》为依据进行编写,主要内容由“学习要求和自学方法”、“教材各章基本内容和重点难点”两大部分组成。 |
| ● |
| 相关链接 |
|
|
|
|
正题名:学前心理学自学辅导
索取号:B844/JY258
 
预约/预借
| 序号 | 登录号 | 条形码 | 馆藏地/架位号 | 状态 | 备注 |
| 1 | 7859150 | 278591506 | 学院路分馆/ [索取号:B844/JY258] | 在馆 |